[Event "Bad. Jug-EM 2018 U14W"]
[Site "Karlsruhe-Durlach"]
[Date "2018.01.05"]
[Round "6.4"]
[White "Wagner, Anna"]
[Black "Schick, Kim"]
[Result "1-0"]
[WhiteElo "1173"]
[BlackElo "790"]
[PlyCount "61"]
[EventDate "2018.??.??"]
[WhiteTeam "SK Endingen"]
[BlackTeam "SC Durmersheim"]

1. e4 e5 2. Nf3 Nc6 3. Bc4 Bc5 4. c3 Nf6 5. d4 exd4 6. cxd4 Bb4+ 7. Nc3 Nxe4 8.
O-O Nxc3 9. bxc3 Bxc3 10. Ba3 Bxa1 11. Re1+ Ne7 12. Bxe7 Qxe7 13. Rxe7+ Kxe7
14. Qxa1 Re8 15. h3 Kf8 16. Qb1 Kg8 17. Ng5 g6 18. Bxf7+ Kf8 19. Bxe8 Kxe8 20.
Nxh7 Kd8 21. Qxg6 c6 22. f4 b6 23. f5 Ba6 24. Qg8+ Kc7 25. Qxa8 Bb7 26. Qe8 a5
27. f6 b5 28. f7 Kb6 29. Qxd7 b4 30. f8=Q Ba6 31. Qc5# 1-0

[Event "Bad. Jug-EM 2018 U14"]
[Site "Karlsruhe-Durlach"]
[Date "2018.01.05"]
[Round "6.1"]
[White "Wu, Luka"]
[Black "Dobrikov, Marco"]
[Result "0-1"]
[WhiteElo "1953"]
[BlackElo "2042"]
[PlyCount "134"]
[EventDate "2018.??.??"]
[WhiteTeam "SK Mannheim-Lindenhof"]
[BlackTeam "SV Hockenheim"]

1. e4 c5 2. Nf3 d6 3. d4 cxd4 4. Nxd4 Nf6 5. Nc3 a6 6. Bg5 Nbd7 7. Bc4 e6 8.
O-O b5 9. Bb3 Nc5 10. f3 Be7 11. Kh1 Bb7 12. Be3 O-O 13. a3 Nxb3 14. Nxb3 Qc7
15. Qd2 Rac8 16. Qf2 Nd7 17. Qg3 Nb6 18. Rad1 Nc4 19. Bc1 Rfd8 20. f4 Bf6 21.
Rfe1 Nxa3 22. e5 Be7 23. f5 exf5 24. Bh6 g6 25. exd6 Bxd6 26. Qg5 Nc4 27. Nd4
f6 28. Qxf6 Qf7 29. Qxf7+ Kxf7 30. b3 Ne5 31. Bg5 Re8 32. Nce2 Bc5 33. Rc1 Be4
34. Red1 Ng4 35. Kg1 Ba8 36. Rd2 Rxe2 37. Rxe2 Bxd4+ 38. Kf1 Nxh2+ 39. Ke1 Be4
40. c4 bxc4 41. bxc4 Ng4 42. Ra2 Re8 43. Re2 Bxg2 44. Rxe8 Kxe8 45. c5 Ne5 46.
Kd1 Kd7 47. Bd2 Bf3+ 48. Kc2 Bxc5 49. Kb3 Bd5+ 50. Ka4 Nc4 51. Bb4 Nb2+ 52. Ka5
Bxb4+ 53. Kxb4 Nd3+ 54. Kc3 Nxc1 55. Kd2 h5 56. Kxc1 h4 57. Kd2 h3 58. Ke3 h2
59. Kd4 h1=Q 60. Ke5 Qe4+ 61. Kf6 Qe7+ 62. Kxg6 Bf7+ 63. Kxf5 Qe3 64. Kf6 Qf4+
65. Kg7 Ke7 66. Kh7 Kf8 67. Kh8 Qh2# 0-1

[Event "Bad. Jug-EM 2018 U14"]
[Site "Karlsruhe-Durlach"]
[Date "2018.01.05"]
[Round "6.2"]
[White "Hardt, Anton"]
[Black "Wu, Leon"]
[Result "0-1"]
[WhiteElo "1723"]
[BlackElo "1984"]
[PlyCount "122"]
[EventDate "2018.??.??"]
[WhiteTeam "SK Mannheim-Lindenhof"]
[BlackTeam "SK Mannheim-Lindenhof"]

1. e4 c5 2. Nf3 d6 3. d4 cxd4 4. Nxd4 Nf6 5. Nc3 a6 6. Bd3 e5 7. Nb3 Be6 8. Bg5
Nbd7 9. Qd2 Be7 10. O-O O-O 11. f4 Rc8 12. Rad1 exf4 13. Qxf4 Ne5 14. Nd4 Qb6
15. Nce2 Bg4 16. Kh1 Qxb2 17. Rb1 Qa3 18. Rxb7 Rfe8 19. Nf5 Nxd3 20. cxd3 Bxf5
21. Qxf5 Rc5 22. Qf4 Qxd3 23. Bxf6 Bxf6 24. Ng3 Rce5 25. Nf5 Qxe4 26. Qxe4 Rxe4
27. g3 Rd8 28. Rd1 d5 29. Ra7 Ra4 30. Rd2 h6 31. Rf2 Rb8 32. Nxh6+ gxh6 33.
Rxf6 Rxa2 34. Rf1 Rbb2 35. Rd1 Rxh2+ 36. Kg1 Rad2 37. Rxd2 Rxd2 38. Rxa6 Kg7
39. Rd6 f6 40. Rd7+ Kg6 41. Kf1 Kf5 42. Ke1 Rd3 43. Kf2 Kg6 44. Rd8 Kf5 45. Rh8
Ke4 46. Rxh6 Rf3+ 47. Ke2 Rxg3 48. Rxf6 Rg2+ 49. Kf1 Rh2 50. Re6+ Kd3 51. Rd6
d4 52. Rd7 Ke3 53. Re7+ Kd2 54. Rd7 d3 55. Rc7 Kd1 56. Ra7 d2 57. Rc7 Rh4 58.
Rf7 Rh1+ 59. Kg2 Kc2 60. Rf2 Re1 61. Kg3 Kc1 0-1

[Event "Bad. Jug-EM 2018 U14"]
[Site "Karlsruhe-Durlach"]
[Date "2018.01.05"]
[Round "6.3"]
[White "Do, Nam"]
[Black "Schmitt, Daniel"]
[Result "1-0"]
[WhiteElo "1823"]
[BlackElo "1371"]
[PlyCount "69"]
[EventDate "2018.??.??"]
[WhiteTeam "SK Sandhausen"]
[BlackTeam "SK Ottenau"]

1. e4 e5 2. Nf3 Nc6 3. Bc4 Bc5 4. c3 Nf6 5. d3 d6 6. Nbd2 Bg4 7. Nf1 Qd7 8. h3
Be6 9. Bb5 a6 10. Ba4 b5 11. Bc2 d5 12. exd5 Nxd5 13. Ng3 f6 14. Ne4 Ba7 15.
O-O O-O 16. Qe2 Rfe8 17. Be3 Qe7 18. Kh1 Nf4 19. Bxf4 exf4 20. Qd2 g5 21. d4
Rad8 22. Qc1 Kg7 23. Re1 Qf7 24. Qd1 Ne5 25. Nxe5 fxe5 26. Nxg5 Qf6 27. Qh5 h6
28. Nxe6+ Rxe6 29. Qg4+ Kh8 30. Bb3 Re7 31. dxe5 Rxe5 32. Rxe5 Qxe5 33. Rf1
Bxf2 34. Qg6 Rd6 35. Qg8# 1-0

[Event "Bad. Jug-EM 2018 U14"]
[Site "Karlsruhe-Durlach"]
[Date "2018.01.05"]
[Round "6.4"]
[White "Kokowski, Kevin"]
[Black "Koll, Linus"]
[Result "1/2-1/2"]
[WhiteElo "1525"]
[BlackElo "1856"]
[PlyCount "120"]
[EventDate "2018.??.??"]
[WhiteTeam "SV Walldorf"]
[BlackTeam "Karlsruher SF"]

1. e4 c5 2. Nf3 Nc6 3. d4 cxd4 4. Nxd4 e5 5. Nf3 d6 6. Nc3 Be7 7. Bb5 a6 8. Ba4
Nf6 9. h3 Bd7 10. Bg5 b5 11. Bb3 Be6 12. O-O O-O 13. Re1 h6 14. Bh4 Nh7 15. Bg3
Kh8 16. Bxe6 fxe6 17. a3 Ng5 18. Re3 Nxf3+ 19. Rxf3 Rxf3 20. Qxf3 Qf8 21. Qd3
Qf7 22. Re1 Rd8 23. Rd1 Ra8 24. Re1 Nd4 25. Ne2 Nc6 26. c4 b4 27. axb4 Nxb4 28.
Qc3 Nc6 29. c5 d5 30. exd5 exd5 31. Bxe5 Nxe5 32. Qxe5 Bxc5 33. Rf1 Re8 34. Qc3
Rxe2 35. Qxc5 Rxb2 36. Qc8+ Kh7 37. Qxa6 Qf5 38. Qa5 Qd3 39. Qa1 Qb3 40. Qd1
Qc4 41. Qf3 Re2 42. Rd1 d4 43. Qd3+ Qxd3 44. Rxd3 Re1+ 45. Kh2 Re4 46. f3 Rf4
47. g3 Rf7 48. f4 Rd7 49. Kg2 Kg6 50. Kf3 Kf6 51. Ke4 Re7+ 52. Kxd4 Re2 53. g4
g5 54. Re3 Rf2 55. f5 h5 56. Re6+ Kf7 57. Rg6 hxg4 58. hxg4 Rf4+ 59. Kd5 Rxg4
60. Ke5 Rg1 1/2-1/2

[Event "Bad. Jug-EM 2018 U14"]
[Site "Karlsruhe-Durlach"]
[Date "2018.01.05"]
[Round "6.5"]
[White "Lauterbach, Kolja"]
[Black "Yurten, Rafael"]
[Result "1-0"]
[WhiteElo "1517"]
[BlackElo "1480"]
[PlyCount "33"]
[EventDate "2018.??.??"]
[WhiteTeam "FSF 1887 Zähringen"]
[BlackTeam "SF Forst"]

1. e4 e5 2. Nf3 Nc6 3. Bc4 Bc5 4. b4 Bxb4 5. c3 Ba5 6. d4 exd4 7. O-O Nf6 8. e5
Ne4 9. cxd4 O-O 10. d5 Nc3 11. Qd3 Nxb1 12. dxc6 Nc3 13. Ng5 g6 14. Nxh7 Ne2+
15. Kh1 bxc6 16. Qxg6+ Kh8 17. Qh6 1-0

[Event "Bad. Jug-EM 2018 U14"]
[Site "Karlsruhe-Durlach"]
[Date "2018.01.05"]
[Round "6.6"]
[White "Straub, Benno"]
[Black "Lohrmann, Linus"]
[Result "1-0"]
[WhiteElo "1492"]
[BlackElo "1151"]
[PlyCount "103"]
[EventDate "2018.??.??"]
[WhiteTeam "FSF 1887 Zähringen"]
[BlackTeam "SC Waldkirch"]

1. e4 e5 2. f4 Nc6 3. Nf3 d6 4. Nc3 Nf6 5. Bb5 Bd7 6. Bxc6 Bxc6 7. d3 Qe7 8.
O-O O-O-O 9. Qe2 d5 10. exd5 Nxd5 11. Nxe5 Nxc3 12. bxc3 f6 13. Qg4+ Bd7 14.
Nxd7 Rxd7 15. Bd2 Qd6 16. Rfe1 Be7 17. Re6 Qc5+ 18. d4 Qa3 19. Bc1 Qxc3 20.
Rxe7 Qxd4+ 21. Kf1 Rhd8 22. Rb1 Qc4+ 23. Qe2 Rd1+ 24. Kf2 Qc3 25. Re8 R1d4 26.
Rxd8+ Rxd8 27. Rb3 Qc6 28. Qb5 Qxc2+ 29. Kg3 Qxc1 30. Qxb7+ Kd7 31. Rd3+ Ke6
32. Qe4+ Kf7 33. Rxd8 Qc3+ 34. Rd3 f5 35. Qxf5+ Qf6 36. Rd7+ Ke8 37. Qxf6 gxf6
38. Rxc7 a5 39. Kg4 Kd8 40. Rxh7 a4 41. Kf5 a3 42. Ke6 f5 43. Re7 Kc8 44. Kd6
Kd8 45. Ke6 Kc8 46. Rd7 Kb8 47. Kd6 Kc8 48. Kc6 Kb8 49. Rc7 Ka8 50. Kb6 Kb8 51.
Rc6 Ka8 52. Rc8# 1-0

[Event "Bad. Jug-EM 2018 U14"]
[Site "Karlsruhe-Durlach"]
[Date "2018.01.05"]
[Round "6.7"]
[White "Spillner, Ladis"]
[Black "Rögner, Lars"]
[Result "1/2-1/2"]
[WhiteElo "1413"]
[BlackElo "1243"]
[PlyCount "69"]
[EventDate "2018.??.??"]
[WhiteTeam "FSF 1887 Zähringen"]
[BlackTeam "BG Buchen"]

1. e4 e5 2. Nf3 Nc6 3. Bc4 Bc5 4. c3 d6 5. d3 Nf6 6. Bg5 h6 7. Bh4 Na5 8. Bb5+
c6 9. Ba4 b5 10. Bc2 Bb6 11. Nbd2 Be6 12. b4 Nb7 13. O-O a6 14. Bb3 c5 15. Qe2
Qc7 16. Rac1 Rc8 17. Bxe6 fxe6 18. Qe1 Nh5 19. Bg3 O-O 20. bxc5 Nxc5 21. Qe2
Ba5 22. d4 Nd7 23. dxe5 Nxg3 24. hxg3 Nxe5 25. Nxe5 dxe5 26. Rfd1 Bxc3 27. Nb1
Qa5 28. Nxc3 Rxc3 29. Rxc3 Qxc3 30. Qg4 Qc4 31. Rd7 Rf7 32. Rd8+ Rf8 33. Rd7
Rf7 34. Rd8+ Rf8 35. Rd7 1/2-1/2

[Event "Bad. Jug-EM 2018 U14"]
[Site "Karlsruhe-Durlach"]
[Date "2018.01.05"]
[Round "6.9"]
[White "Ruf, David"]
[Black "Kuschminder, Paul"]
[Result "0-1"]
[WhiteElo "1143"]
[BlackElo "1359"]
[PlyCount "124"]
[EventDate "2018.??.??"]
[WhiteTeam "SC Ersingen"]
[BlackTeam "SK Gaienhofen"]

1. d4 Nf6 2. c4 c5 3. e3 cxd4 4. exd4 e6 5. Nc3 d5 6. Nf3 Nc6 7. Bd3 Bd6 8. O-O
O-O 9. Re1 b6 10. Bg5 Be7 11. Qc2 dxc4 12. Bxc4 Nxd4 13. Nxd4 Qxd4 14. Bd3 g6
15. Ne4 Bb7 16. Bh6 Rfc8 17. Qb1 Rd8 18. Bg5 Kg7 19. Bxf6+ Bxf6 20. Nxf6 Qxf6
21. Re3 Rac8 22. b3 Rc3 23. Bc4 Rxe3 24. fxe3 Rd2 25. Qf1 Qxf1+ 26. Kxf1 Rxg2
27. h4 Rh2 28. Rd1 Rh1+ 29. Ke2 Rxd1 30. Kxd1 Kf6 31. Bb5 Kf5 32. Be8 f6 33. h5
gxh5 34. Bxh5 Kg5 35. Bf7 e5 36. Ke2 Kg4 37. Kf2 Be4 38. Be6+ f5 39. a3 h5 40.
Kg1 Kg3 41. Bc4 h4 42. Bf1 Kf3 43. Kh2 Kxe3 44. Kh3 Kf2 45. Bb5 f4 46. Kxh4 f3
47. Kh3 Kg1 48. Kg4 f2 49. Kg5 f1=Q 50. Bxf1 Kxf1 51. Kf6 Bc2 52. Kxe5 Bxb3 53.
Kd6 a5 54. Kc6 a4 55. Kxb6 Ke2 56. Kb5 Kd3 57. Kb4 Bc2 58. Kc5 Kc3 59. Kd5 Kb3
60. Kd4 Bf5 61. Ke3 Kxa3 62. Kd2 Kb2 0-1